000 00549nam a2200217Ia 4500
003 OSt
005 20220927114357.0
006 a|||||r|||| 00| 0
007 ta
008 220926b |||||||| |||| 00| 0 eng d
024 _a149682
037 _cTextbook
040 _aRTL
_cRTL
_beng
041 _2eng
_aeng
082 _a"X, TD"
100 _aMACNALL S G
_9388753
245 0 _aBringing class bank
700 _a LEVINE R F & others
_9388754
942 _h"X, TD"
_cCC
999 _c704674
_d704674